000 00500nam a2200181Ia 4500
008 151018s9999 xx 000 0 und d
082 _bRBASDV4564
_a891.463
100 _a-
245 _aसुप्रभात
250 _b1
260 _bमहाराष्ट्र ग्रंथ भांडार कोल्हापूर
_c1960
300 _a112
600 _a-
630 _aसुप्रभात
700 _a-
730 _aसुप्रभात
942 _cBOOK
999 _c1006962
_d1006959